Commerical property update (Record no. 76500)

MARC details
000 -LEADER
fixed length control field 01257cab a2200265 4500
001 - CONTROL NUMBER
control field ##L132576
008 - FIXED-LENGTH DATA ELEMENTS--GENERAL INFORMATION
fixed length control field 060220n2006 000 0 eng u
035 ## - SYSTEM CONTROL NUMBER
System control number (Sirsi) u132576
041 0# - LANGUAGE CODE
Language code of text/sound track or separate title eng
100 1# - MAIN ENTRY--PERSONAL NAME
Personal name Cohen, Roger
245 00 - TITLE STATEMENT
Title Commerical property update
260 ## - PUBLICATION, DISTRIBUTION, ETC.
Date of publication, distribution, etc. 2006
490 #0 - SERIES STATEMENT
Series statement New Law Journal
Volume/sequential designation 156(7211) 10 February 2006, 232-233(2)
520 ## - SUMMARY, ETC.
Summary, etc. Examines commercial property cases covering a tenant's right to set off. It looks at the various circumstances where it is applicable, under the Landlord and Tenant (Covenants) Act 1995; and discusses the difficulties created by a reluctant recipient of a break notice for the lease breaker.
590 ## - LOCAL NOTE (RLIN)
Local note IKA280206
650 24 - SUBJECT ADDED ENTRY--TOPICAL TERM
Topical term or geographic name entry element EDLINGTON PROPERTIES V J H FENNER & CO LIMITED
650 24 - SUBJECT ADDED ENTRY--TOPICAL TERM
Topical term or geographic name entry element MUSCAT V SMITH
650 24 - SUBJECT ADDED ENTRY--TOPICAL TERM
Topical term or geographic name entry element LONDON DIOCESAN FUND AND OTHERS V AVONRIDGE PROPERTY COMPANY LIMITED
650 24 - SUBJECT ADDED ENTRY--TOPICAL TERM
Topical term or geographic name entry element AKICI V L R BUTLIN LTD
650 24 - SUBJECT ADDED ENTRY--TOPICAL TERM
Topical term or geographic name entry element LITTMAN AND ANOTHER V ASPEN OIL (BROKING) LTD
650 24 - SUBJECT ADDED ENTRY--TOPICAL TERM
Topical term or geographic name entry element FITZROY HOUSE EPWORTH STREET (NO. 1) LTD AND ANOTHER V THE FINANCIAL TIMES
690 ## - LOCAL SUBJECT ADDED ENTRY--TOPICAL TERM (OCLC, RLIN)
Topical term or geographic name as entry element PROPERTY-COMMERCIAL PROPERTY-LEASEHOLD COMMERCIAL PROPERTY-COMMERCIAL LANDLORD AND TENANT-COMMERCIAL LEASES-BREACHING COMMERCIAL LEASES
700 1# - ADDED ENTRY--PERSONAL NAME
Personal name Thompson, Melissa
942 ## - ADDED ENTRY ELEMENTS (KOHA)
Suppress in OPAC 0
Holdings
Withdrawn status Lost status Source of classification or shelving scheme Damaged status Not for loan Home library Current library Shelving location Date acquired Total Checkouts Full call number Barcode Date last seen Copy number Price effective from Koha item type
    Dewey Decimal Classification     London London Journal article 20/02/2006   L132576 132576-2001 06/08/2019 1 06/08/2019 Journal article